00772nam a22002057a 450000500170000001000150001702000260003203500130005803700130007108200150008410000160009924500740011526000500018927000660023930000240030550000510032994200290038099900170040995201400042620140915110449.0 aENG-110820 a9788189630775c595.00 aEN-94352 bDBAD/PUB a350.850954 aSingh, U.B. aEthics and social accountability in urban governance /cby U.B. Singh aNew DelhibGlobal Research Publicationsc2014 a4800/24, 1st floor, Ansari Road, DaryaganjbNew Delhie110002 axiv,204p.c22cm(Hb) aIncludes bibliographical references and index  2ddccENmSINh350.850954 c88526d88526 001040718NFICaDBADbDBADd2014-09-11eDBAD/PUBg595.00l0o350.850954 SINpEN-94352r2014-09-11 00:00:00t1v595.00w2014-09-11yEN